| 000 | 00560cam a2200193ua 4500 | ||
|---|---|---|---|
| 001 | 5758 | ||
| 005 | 20260515113931.0 | ||
| 008 | 131009n ii |||gr||||Z||||||eng | ||
| 040 | _cMAIN | ||
| 082 | _a954 | ||
| 245 |
_aHistory of Mughal India : _bA Detailed Study of Political,Economic,Social and Cultural Aspects / _cBy S.C. Raychoudhury . |
||
| 250 | _a1st ed. | ||
| 260 |
_aDelhi: _bSurjeet Publications, _c1984. |
||
| 300 | _avi,373p. | ||
| 653 | _aHistory | ||
| 653 | _aHistory of Mughal India | ||
| 700 |
_aRaychoudhury,S.C., _eAuthor., |
||
| 942 | _cBK | ||
| 999 |
_c4911 _d4911 |
||